Fr. Conceicao Rodrigues College of Engineering

Circuit maker Schematic editor Reference Manual (Record no. 31529)

MARC details
000 -LEADER
fixed length control field 00298nam a2200133Ia 4500
082 ## - DEWEY DECIMAL CLASSIFICATION NUMBER
Classification number 621.38153
100 ## - MAIN ENTRY--PERSONAL NAME
Personal name Sop
245 ## - TITLE STATEMENT
Title Circuit maker Schematic editor Reference Manual
260 ## - PUBLICATION, DISTRIBUTION, ETC.
Name of publisher, distributor, etc. Software option (India) P.ltd.
546 ## - LANGUAGE NOTE
Language note ENGLISH
654 ## - SUBJECT ADDED ENTRY--FACETED TOPICAL TERMS
Focus term circuit
942 ## - ADDED ENTRY ELEMENTS (KOHA)
Koha item type BOOK
Holdings
Withdrawn status Lost status Damaged status Not for loan Collection Home library Current library Shelving location Date acquired Total Checkouts Full call number Barcode Date last seen Price effective from Koha item type
        CRC Fr. Agnel's C.Rodrigues College of Engineering Fr. Agnel's C.Rodrigues College of Engineering   17/03/2023   621.38153 5505 17/03/2023 17/03/2023 BOOK
        CRC Fr. Agnel's C.Rodrigues College of Engineering Fr. Agnel's C.Rodrigues College of Engineering   17/03/2023   621.38153 5506 17/03/2023 17/03/2023 BOOK